00000000nam##2200000za#4500
0019.648103
003CaOODSP
00520200330091731
007ta
008150407|1999||||xxc|||||     f|0| 0 eng|d
020 |a0-662-30153-6
040 |aCaOODSP|beng
043 |an-cn---
0861 |aE2-240/1999E
1101 |aCanada.|bForeign Affairs and International Trade. |bCanadian Centre for Foreign Policy Development.
24510|aInternational NGOs and the future of work
260 |aOttawa - Ontario : |bForeign Affairs and International Trade. |c1999.
300 |a7p. in various pagings. ; |c28 cm.
563 |aSoftcover
590 |a02-33|b2002-08-16
69007|aIntergovernmental organizations|2gcpds
69007|aNongovernmental organizations|2gcpds
7760#|tInternational Non-government Organizations and the future of work (roundtable report), May 17, 1999 (Ottawa) |w(CaOODSP)9.686036